000 00637nam a2200253Ia 4500
005 20260121153845.0
008 008 260114s9999 xx 000 0 eng d
020 _a9781410604323
037 _aEBOOK
040 _aCRL
040 _beng
040 _cCRL
041 _2eng
041 _aeng
084 _qCRL
100 _aC. Edward Watkins, Jr.; Vicki L. Campbell
_9999997
245 0 _aTesting and Assessment in Counseling Practice
260 _bTaylor and Francis
260 _c2000
856 _uhttp://www.taylorfrancis.com/books/9781410604323
942 _cEBOOK
999 _c1566818
_d1566818